Nové formy rešení nezaměstnanosti ve Francii
Verejné služby zamestnanosti vo Francúzsku. Národný akčný plán zamestnanosti na obdobie 1998-2002. Miestne plány pre začlenenie a zamestnanosť. Pomoc európskych štrukturálnych fondov.
Salvato in:
| Autore principale: | |
|---|---|
| Altri autori: | |
| Natura: | Capitolo di libro |
| Lingua: | ceco |
| Soggetti: | |
| Tags: |
Nessun Tag, puoi essere il primo ad aggiungerne!!
|
MARC
| LEADER | 00000naa a2200000 4500 | ||
|---|---|---|---|
| 001 | r041907 | ||
| 005 | 20230913071941.5 | ||
| 041 | 0 | |a cze | |
| 044 | |a CZ | ||
| 245 | 1 | 0 | |a Nové formy rešení nezaměstnanosti ve Francii |c Ilona Blažíčková, Jana Machačová |
| 520 | |a Verejné služby zamestnanosti vo Francúzsku. Národný akčný plán zamestnanosti na obdobie 1998-2002. Miestne plány pre začlenenie a zamestnanosť. Pomoc európskych štrukturálnych fondov. | ||
| 610 | 2 | 0 | |a nezamestnanosť |
| 610 | 2 | 0 | |a Francúzsko |
| 610 | 2 | 0 | |a služby verejné |
| 610 | 2 | 0 | |a zamestnanosť |
| 610 | 2 | 0 | |a fondy štruktúrne |
| 100 | 1 | |a Blažíčková, Ilona | |
| 700 | 1 | |a Machačová, Jana | |